Normal view
MARC view
Entry Personal Name
001 - CONTROL NUMBER
- control field: 88572
003 - CONTROL NUMBER IDENTIFIER
- control field: dpl
005 - DATE AND TIME OF LATEST TRANSACTION
- control field: 20260318120142.0
008 - FIXED-LENGTH DATA ELEMENTS
- fixed length control field: 260318|| aca||aabn | a|a d
040 ## - CATALOGING SOURCE
- Original cataloging agency: dpl
- Transcribing agency: dpl
100 ## - HEADING--PERSONAL NAME
- Personal name: G.Rajput
670 ## - SOURCE DATA FOUND
- Source citation: Work cat.: (dpl)215606: G.Rajput, Ethica GS 4/ , 2026
